Cien lecturas históricas

Gespeichert in:
Bibliographische Detailangaben
1. Verfasser: Giner de los Ríos, Gloria
Format: keine Angabe
Sprache:Spanisch
Erschienen: Madrid Espasa-Calpe 1935
Katalog:MANES:  Suchergebnis im Bibliothekskatalog
Schulbuchspezifische Eigenschaften:
Tags: Tag hinzufügen
Keine Tags, Fügen Sie den ersten Tag hinzu!
Hinzugefügt zu:26.04.2016

MARC

LEADER 000000000a22000000004500
001 34980
003 OSt
008 160427s sp ||||| |||| 00| 0 spa d
040 |a manes  |c manes 
041 |a Español 
100 1 |a Giner de los Ríos, Gloria  |9 20556 
245 0 0 |a Cien lecturas históricas 
260 3 |a Madrid  |b Espasa-Calpe  |c 1935 
300 |a 222 p.  |c 21 cm 
500 |a Signatura: BIB-G/30. Rúst. Legado José María Igual.  
690 7 |a HI 
691 0 |a SE 
942 |2 ddc  |c BK 
546 |a España 
999 |c 41978  |d 41978 
999 |c manes:41978  |d 41978